[Event "London Classic rapid op 11th"]
[Site "London"]
[Date "2019.12.07"]
[Round "6"]
[White "Zheng, William"]
[Black "Ignatovic, Ernest"]
[Result "0-1"]
[WhiteElo "1609"]
[BlackElo "1775"]
[PlyCount "68"]
[EventDate "2019.12.07"]
[EventType "swiss (rapid)"]
[EventRounds "7"]
[EventCountry "ENG"]
[SourceTitle "CBM 195 Extra"]
[Source "ChessBase"]
[SourceDate "2020.05.31"]
[SourceVersion "1"]
[SourceVersionDate "2020.05.31"]
[SourceQuality "1"]

1. e4 e6 2. d4 d5 3. exd5 exd5 4. Nf3 Bd6 5. Bd3 Nc6 6. 0-0 h6 7. h3 Be6 8. c3 Qd7 9. Re1 0-0-0 10. b4 g5 11. Na3 Nf6 12. Nb5 g4 13. Nxd6+ Qxd6 14. Ne5 gxh3 15. g3 Rdg8 16. Bf4 Qf8 17. Nxc6 bxc6 18. Qa4 Nh5 19. Be5 f6 20. Qxc6 fxe5 21. Qxe6+ Kb8 22. Qxe5 h2+ 23. Kg2 Nf4+ 24. Kh1 Nxd3 25. Qxd5 Nxe1 26. Qb5+ Kc8 27. Qa6+ Kb8 28. Qb5+ Kc8 29. Qa6+ Kd7 30. Qb5+ Kd8 31. Qb8+ Kd7 32. Qb5+ c6 33. Qb7+ Kd6 34. Rxe1 Qf3+ 0-1

[Event "GBR-ch U14 106th"]
[Site "Torquay"]
[Date "2019.07.29"]
[Round "2"]
[White "Cox, Toby"]
[Black "Zheng, William"]
[Result "0-1"]
[WhiteElo "1532"]
[BlackElo "1621"]
[PlyCount "68"]
[EventDate "2019.07.28"]
[EventType "swiss"]
[EventRounds "7"]
[EventCountry "ENG"]
[SourceTitle "EXT 2020"]
[Source "ChessBase"]
[SourceDate "2019.10.17"]
[SourceVersion "1"]
[SourceVersionDate "2019.10.17"]
[SourceQuality "1"]

1. e4 e6 2. b3 d5 3. Bb2 dxe4 4. Nc3 Nf6 5. Qe2 Bb4 6. 0-0-0 Qe7 7. Nxe4 Nxe4 8. Qxe4 0-0 9. Bd3 f5 10. Qe3 Ba3 11. g4 Qf6 12. c3 Bxb2+ 13. Kxb2 fxg4 14. f3 e5 15. Rf1 Qd6 16. Re1 Nc6 17. h3 g3 18. Ne2 g2 19. Rh2 e4 20. Bc4+ Kh8 21. f4 Na5 22. Rxg2 Nxc4+ 23. bxc4 Be6 24. Nd4 Bxc4 25. Reg1 Rg8 26. Qe1 Rad8 27. Rg6 Qc5 28. R6g5 Qb6+ 29. Nb3 a5 30. Qxe4 Bxb3 31. axb3 a4 32. Qxa4 Rxd2+ 33. Kb1 Qf2 34. Rxg7 Qxg1+ 0-1

[Event "London Classic op 10th"]
[Site "London"]
[Date "2018.12.09"]
[Round "1"]
[White "Smith, Andrew Philip"]
[Black "Zheng, William"]
[Result "1-0"]
[WhiteElo "2157"]
[BlackElo "1649"]
[PlyCount "97"]
[EventDate "2018.12.09"]
[EventType "swiss"]
[EventRounds "9"]
[EventCountry "ENG"]
[SourceTitle "CBM 187 Extra"]
[Source "ChessBase"]
[SourceDate "2018.11.04"]
[SourceVersion "1"]
[SourceVersionDate "2018.11.04"]
[SourceQuality "1"]

1. e4 e5 2. d4 exd4 3. Qxd4 Nc6 4. Qe3 b6 5. Nc3 Bc5 6. Qg3 Bd4 7. Nge2 Be5 8. Bf4 Bxf4 9. Nxf4 g6 10. Nfd5 d6 11. Nb5 Rb8 12. Qc3 Ne5 13. Nbxc7+ Kf8 14. f4 Nh6 15. 0-0-0 Nhg4 16. fxe5 dxe5 17. Qf3 Nh6 18. Qf6 Qxf6 19. Nxf6 Bg4 20. Nxg4 Nxg4 21. Rd2 Rc8 22. Nd5 Kg7 23. Ba6 Rc5 24. b4 Rc6 25. Bb5 Rd6 26. h3 Nf6 27. Nxf6 Rxd2 28. Kxd2 Kxf6 29. Rf1+ Kg7 30. Rf3 Rc8 31. Rc3 Rxc3 32. Kxc3 Kf6 33. Bd3 Ke7 34. Kc4 Kd6 35. Kb5 Kc7 36. Ka6 Kb8 37. c4 f6 38. a4 h6 39. a5 bxa5 40. Kxa5 h5 41. b5 f5 42. exf5 gxf5 43. Bxf5 e4 44. Bxe4 h4 45. c5 Kc7 46. Ka6 Kb8 47. Bd5 Kc7 48. Kxa7 Kd7 49. b6 1-0

[Event "London CC Intermediate"]
[Site "London"]
[Date "2016.04.07"]
[Round "4.3"]
[White "Zheng, William"]
[Black "Willmoth, Harrison"]
[Result "1/2-1/2"]
[WhiteElo "1589"]
[BlackElo "1487"]
[PlyCount "76"]
[EventDate "2016.04.04"]
[EventType "swiss"]
[EventRounds "5"]
[EventCountry "ENG"]
[SourceTitle "EXT 2023"]
[Source "ChessBase"]
[SourceDate "2022.10.05"]
[SourceVersion "1"]
[SourceVersionDate "2022.10.05"]
[SourceQuality "1"]

1. e4 d6 2. d4 Nf6 3. Nc3 c6 4. Be2 b5 5. a3 e6 6. Bg5 Be7 7. Nf3 Bb7 8. 0-0 0-0 9. b4 d5 10. e5 Nfd7 11. Bxe7 Qxe7 12. Bd3 Nb6 13. Ne2 Nc4 14. Ra2 Nd7 15. Ng3 Ndb6 16. c3 a5 17. Bc2 axb4 18. Qd3 g6 19. cxb4 Ra6 20. Nh5 Nd7 21. Ng3 Rfa8 22. Rfa1 Qd8 23. h3 R8a7 24. Nd2 Nxd2 25. Qxd2 Nb6 26. Qh6 Qf8 27. Qg5 Nd7 28. Nf1 Nb6 29. Ng3 Nd7 30. Nf1 Nb6 31. Ne3 h6 32. Qh4 h5 33. Nf1 Nc4 34. Ng3 Bc8 35. Nxh5 gxh5 36. Qg5+ Qg7 37. Qd8+ Qf8 38. Qg5+ Qg7 1/2-1/2

[Event "London CC Intermediate"]
[Site "London"]
[Date "2016.04.05"]
[Round "2.5"]
[White "Zheng, William"]
[Black "Balouka Myers, Reuben"]
[Result "1-0"]
[WhiteElo "1589"]
[BlackElo "1630"]
[PlyCount "89"]
[EventDate "2016.04.04"]
[EventType "swiss"]
[EventRounds "5"]
[EventCountry "ENG"]
[SourceTitle "EXT 2023"]
[Source "ChessBase"]
[SourceDate "2022.10.05"]
[SourceVersion "1"]
[SourceVersionDate "2022.10.05"]
[SourceQuality "1"]

1. e4 e6 2. d4 d5 3. Nc3 Bb4 4. a3 Bxc3+ 5. bxc3 c5 6. e5 Qc7 7. Bd2 Nc6 8. Qg4 f6 9. Bb5 fxe5 10. Qh5+ Kf8 11. Bxc6 Qxc6 12. Qxe5 Nf6 13. Bf4 Ne4 14. f3 Nxc3 15. Qd6+ Kf7 16. dxc5 Qxd6 17. cxd6 Rd8 18. a4 Bd7 19. a5 Bc6 20. Ne2 Nb5 21. 0-0 Nxd6 22. Nd4 Nb5 23. Nxc6 bxc6 24. Rfe1 Nd4 25. Ra2 a6 26. c3 Nb5 27. Rae2 Nxc3 28. Rxe6 Re8 29. R6e3 Nb5 30. Rc1 Rxe3 31. Bxe3 Rc8 32. Bc5 Nc7 33. Rb1 Nb5 34. Rc1 d4 35. Kf2 Ke6 36. Ke2 Kd5 37. Kd3 Re8 38. Bb4 Re3+ 39. Kd2 Rb3 40. Rc5+ Kd6 41. Rxb5+ Kc7 42. Bd6+ Kxd6 43. Rxb3 c5 44. Rb6+ Kd5 45. Rxa6 1-0

[Event "London CC Intermediate"]
[Site "London"]
[Date "2016.04.04"]
[Round "1.2"]
[White "Jeffries, Majid"]
[Black "Zheng, William"]
[Result "1-0"]
[WhiteElo "1937"]
[BlackElo "1589"]
[PlyCount "67"]
[EventDate "2016.04.04"]
[EventType "swiss"]
[EventRounds "5"]
[EventCountry "ENG"]
[SourceTitle "EXT 2023"]
[Source "ChessBase"]
[SourceDate "2022.10.05"]
[SourceVersion "1"]
[SourceVersionDate "2022.10.05"]
[SourceQuality "1"]

1. d4 e6 2. c4 Nf6 3. Nf3 d5 4. Bg5 Be7 5. e3 0-0 6. Nc3 a6 7. Qc2 dxc4 8. Bxc4 b5 9. Bd3 h6 10. Bh4 Bb7 11. Rc1 Nc6 12. Qe2 Na5 13. 0-0 Nd5 14. Bg3 Nc6 15. Ne4 Ncb4 16. Bb1 Rc8 17. Ne5 Nb6 18. a3 N4d5 19. Nc5 Bxc5 20. dxc5 Na4 21. Rfd1 Qe7 22. Qc2 Nf6 23. b3 Be4 24. Nd3 Bd5 25. bxa4 bxa4 26. Qxa4 Rb8 27. Qh4 Bb3 28. Re1 Rfd8 29. Ne5 Bd5 30. Ng4 Rxb1 31. Rxb1 Qxc5 32. Nxf6+ gxf6 33. Qxf6 Rf8 34. Be5 1-0

[Event "London CSC op U2000 7th"]
[Site "London"]
[Date "2015.12.10"]
[Round "4"]
[White "Zheng, William"]
[Black "Jago, Stephen TM"]
[Result "1-0"]
[WhiteElo "1539"]
[BlackElo "1589"]
[PlyCount "133"]
[EventDate "2015.12.07"]
[EventType "swiss"]
[EventRounds "9"]
[EventCountry "ENG"]
[SourceTitle "CBM 170 Extra"]
[Source "ChessBase"]
[SourceDate "2016.02.25"]
[SourceVersion "1"]
[SourceVersionDate "2016.02.25"]
[SourceQuality "1"]

1. e4 e5 2. Nf3 Nc6 3. Bb5 Nd4 4. Nxd4 exd4 5. 0-0 Qg5 6. Be2 d6 7. d3 Qf6 8. Bg4 Be6 9. Bxe6 fxe6 10. Qh5+ Qf7 11. Qb5+ c6 12. Qc4 e5 13. Qxf7+ Kxf7 14. f4 Ke6 15. Nd2 Nf6 16. Nf3 h6 17. Nh4 Be7 18. fxe5 dxe5 19. Bd2 Nxe4 20. Ng6 Nxd2 21. Rfd1 Rhc8 22. Nxe7 Nf3+ 23. gxf3 Kxe7 24. Re1 Kf6 25. Re2 Rf8 26. Rae1 Rae8 27. f4 Kg6 28. Rg2+ Kh7 29. fxe5 Re6 30. Re4 c5 31. h3 Rf5 32. Rge2 Rg5+ 33. Kf2 Rh5 34. Kg3 Rg5+ 35. Kh2 Kg8 36. c3 Kf7 37. cxd4 cxd4 38. Rxd4 Rgxe5 39. Rd7+ Re7 40. Rxe5 Rxd7 41. Rc5 Ke6 42. Rb5 b6 43. Rb3 Ke5 44. Ra3 a5 45. Rb3 Rd6 46. a3 Kd4 47. Rc3 Ke3 48. Rb3 Rc6 49. Kg3 Rg6+ 50. Kh2 Kd4 51. Rc3 Re6 52. Rb3 a4 53. Rb4+ Kxd3 54. Kg3 Re3+ 55. Kg2 Kc2 56. Rxb6 Rb3 57. Rg6 Rb7 58. Rg4 Rxb2 59. Rxg7 Kb3+ 60. Kg3 Kxa3 61. Rh7 Rb6 62. Rf7 Kb2 63. Rf2+ Ka1 64. Rf1+ Ka2 65. Rf2+ Kb3 66. Rf1 a3 67. Rb1+ 1-0

[Event "London CSC op U2000 7th"]
[Site "London"]
[Date "2015.12.08"]
[Round "2"]
[White "Zheng, William"]
[Black "Holm, Henrik"]
[Result "1-0"]
[WhiteElo "1539"]
[BlackElo "1776"]
[PlyCount "131"]
[EventDate "2015.12.07"]
[EventType "swiss"]
[EventRounds "9"]
[EventCountry "ENG"]
[SourceTitle "CBM 170 Extra"]
[Source "ChessBase"]
[SourceDate "2016.02.25"]
[SourceVersion "1"]
[SourceVersionDate "2016.02.25"]
[SourceQuality "1"]

1. e4 e6 2. d4 d5 3. e5 c5 4. c3 Nc6 5. Nf3 Bd7 6. Be2 Qb6 7. 0-0 Nge7 8. Na3 cxd4 9. cxd4 Nf5 10. Nc2 Be7 11. a3 0-0 12. Bd3 Kh8 13. Bxf5 exf5 14. Ne3 Be6 15. Qd3 g6 16. Nc2 Rg8 17. Ng5 Rg7 18. b4 Qd8 19. Nf3 Rg8 20. Bd2 Bf8 21. Bg5 Be7 22. Bd2 Qd7 23. Qe3 g5 24. Qd3 Rg6 25. Nfe1 Rag8 26. Kh1 f4 27. Rg1 Qd8 28. Qf3 Qf8 29. g3 g4 30. Qd3 f3 31. Ne3 Bg5 32. Nf1 Qh6 33. Bxg5 Rxg5 34. Qe3 Ne7 35. Nd3 Nf5 36. Qf4 Qh3 37. Qd2 Qh6 38. Qf4 R8g6 39. Qd2 Rg8 40. Qf4 Qg6 41. Qd2 Qg7 42. Nf4 Bd7 43. a4 Be6 44. Rc1 Qf8 45. Rc7 Qb8 46. Rc1 Qd8 47. a5 Ne7 48. Rb1 b6 49. axb6 Qxb6 50. b5 h6 51. Ne3 Rc8 52. Qb4 Nf5 53. Nxf5 Rxf5 54. Rgc1 Rb8 55. Rc6 Qxc6 56. bxc6 Rxb4 57. Rxb4 Rg5 58. Rb8+ Kh7 59. Nxe6 fxe6 60. c7 Kg6 61. c8Q Rxe5 62. dxe5 Kf5 63. Qc7 Ke4 64. Rf8 d4 65. Rf4+ Kd3 66. Qc5 1-0

[Event "London Weekend U1800 7th"]
[Site "London"]
[Date "2015.12.06"]
[Round "4.31"]
[White "Zheng, William"]
[Black "Schwarz, Dominik"]
[Result "0-1"]
[WhiteElo "1539"]
[BlackElo "1741"]
[PlyCount "94"]
[EventDate "2015.12.04"]
[EventType "swiss"]
[EventRounds "5"]
[EventCountry "ENG"]
[SourceTitle "EXT 2023"]
[Source "ChessBase"]
[SourceDate "2022.10.05"]
[SourceVersion "1"]
[SourceVersionDate "2022.10.05"]
[SourceQuality "1"]

1. e4 c6 2. d4 d5 3. exd5 cxd5 4. Nf3 Nf6 5. Be2 Nc6 6. 0-0 Bg4 7. h3 Bh5 8. Ne5 Bxe2 9. Nxc6 Bxd1 10. Nxd8 Be2 11. Re1 Ba6 12. Nc3 Rxd8 13. b4 Bc4 14. Bf4 e6 15. a3 h6 16. Na4 b6 17. Nb2 Bd6 18. a4 Bxb4 19. Re3 Bd2 20. Rf3 Bxf4 21. Rxf4 Rc8 22. Rf3 Be2 23. Re3 Rxc2 24. Nd3 Bxd3 25. Rxd3 0-0 26. a5 b5 27. a6 Rb8 28. Rb3 Ne4 29. f3 Nd6 30. Kf1 Rc4 31. Rd3 b4 32. Ke2 b3 33. Rb1 Rcb4 34. Kd2 Nc4+ 35. Kc3 b2 36. g4 Na3 37. g5 Nxb1+ 38. Kc2 Rc4+ 39. Kd1 Nc3+ 40. Kd2 b1Q 41. Ke3 Nd1+ 42. Ke2 Rb2+ 43. Rd2 Rxd2+ 44. Kxd2 Qc2+ 45. Ke1 Nc3 46. Kf1 Ra4 47. g6 Ra1# 0-1

[Event "London Weekend U1800 7th"]
[Site "London"]
[Date "2015.12.04"]
[Round "1.14"]
[White "Carter, John"]
[Black "Zheng, William"]
[Result "1-0"]
[WhiteElo "1720"]
[BlackElo "1539"]
[PlyCount "105"]
[EventDate "2015.12.04"]
[EventType "swiss"]
[EventRounds "5"]
[EventCountry "ENG"]
[SourceTitle "EXT 2023"]
[Source "ChessBase"]
[SourceDate "2022.10.05"]
[SourceVersion "1"]
[SourceVersionDate "2022.10.05"]
[SourceQuality "1"]

1. d4 e6 2. c4 Nf6 3. Nf3 c6 4. Nc3 d5 5. e3 Bd6 6. Bd3 0-0 7. 0-0 a5 8. e4 dxc4 9. Bxc4 b5 10. Bd3 Be7 11. Bg5 h6 12. Bxf6 Bxf6 13. e5 Be7 14. Rc1 Bb7 15. Ne4 Nd7 16. Bb1 Re8 17. Qd3 Nf8 18. Nc5 Bxc5 19. Rxc5 b4 20. Rfc1 Qe7 21. Qe4 Red8 22. Nd2 Rd5 23. f4 Qd7 24. Nf3 Rd8 25. g4 g6 26. Qe3 Ra8 27. h4 Rxc5 28. Rxc5 Kh8 29. f5 exf5 30. Qxh6+ Nh7 31. d5 f4 32. e6 fxe6 33. Ne5 Qg7 34. Nxg6+ Kg8 35. Qxg7+ Kxg7 36. dxc6 Ba6 37. Rxa5 f3 38. Ne5 Nf6 39. Bd3 Nd5 40. Rxa6 Rf8 41. Ra7+ Kf6 42. Nd7+ Ke7 43. Nxf8+ Kxf8 44. c7 Nxc7 45. Rxc7 f2+ 46. Kxf2 b3 47. a4 e5 48. a5 e4 49. a6 e3+ 50. Kxe3 Ke8 51. a7 Kd8 52. Rh7 Kc8 53. a8Q# 1-0